Energetická politika Európskej únie a jej vplyv na energetickú bezpečnosť Slovenskej republiky bakalárska práca

Guardado en:
Detalles Bibliográficos
Autor principal: Horváth, Martin
Autor Corporativo: Obchodná fakulta EU. Katedra medzinárodného obchodu
Otros Autores: Hamara, Andrej
Formato: Libro
Lenguaje:eslovaco
Publicado: Bratislava 2011
Etiquetas: Agregar Etiqueta
Sin Etiquetas, Sea el primero en etiquetar este registro!

MARC

LEADER 00000nam a2200000 4500
001 0150871
005 20240320072016.6
041 0 |a slo 
044 |a SK 
245 1 0 |a Energetická politika Európskej únie a jej vplyv na energetickú bezpečnosť Slovenskej republiky  |b bakalárska práca  |c Martin Horváth ; školiteľ: Andrej Hamara 
264 1 |a Bratislava  |c 2011 
300 |a 63 s. 
100 1 |a Horváth, Martin 
700 1 |a Hamara, Andrej 
710 2 |a Obchodná fakulta EU. Katedra medzinárodného obchodu